Представление документа в формате RUSMARC

ПолеНазваниеЗначение
  Тип записи a
  Библиографический уровень m
001 Контрольный номер admiBOOK00010326
005 Дата корректировки 20140508173955.2
010 Индекс ISBN __
d Цена 0.10
100 Данные общей обработки __
a Данные общей обработки 19020123 |||y0 y0189 ca
101 Язык документа __
a Язык текста rus
105 Кодированные данные (монография) __
a Кодированные данные (монография) zy
200 Заглавие и сведения об ответственности 0_
a Заглавие Работу с письмами трудящихся - под контроль профсоюзов
210 Выходные данные __
a Место издания М
c Издательство Профиздат
d Дата издания 1979
215 Физическое описание __
a Объем 48с.
225 Серия __
a Серия Б-чка профсоюзного активиста; ¦14
606 Тематические рубрики __
a Основная рубрика Общественно-политические организации, движения, союзы
x Основная подрубрика Профсоюзы СССР
610 Ключевые слова __
a Ключевые слова Профсоюзы СССР
a Ключевые слова Деятельнось профсоюзных организаций СССР
686 Индексы других классификаций __
a Классификационный индекс 66.72(2)
700 Автор _1
a Фамилия Минин
b Имя В.Д.
852 Данные о местонахождении __
c Местонахождение стеллажа 66.72(2)
j Шифр хранения 66.72
852 Данные о местонахождении __
b Сигла хранения ЧЗ_1
t Номер экземпляра 1
i Авторский знак М61
p Инвентарный номер 1 экз. - б/н
901 Тип документа __
t Тип документа m
911 __
u 952a=Научное издание
938 Служебная информация __
a Название организации Саранский филиал
b Имя БД OUTPUT.MRC_Саранск
c Название АИБС АИБС Библиотека